Conceptos preliminares en torno de la responsabilidad penal del socio no administrador (Registro nro. 36343)

Detalles MARC
000 -LEADER
fixed length control field 00395 a2200109 4500
001 - CONTROL NUMBER
control field ART_61672
005 - DATE AND TIME OF LATEST TRANSACTION
control field 20260410162057.0
008 - FIXED-LENGTH DATA ELEMENTS--GENERAL INFORMATION
fixed length control field 260409a
100 1# - MAIN ENTRY--PERSONAL NAME
Personal name Robiglio, Carolina L.
245 10 - TITLE STATEMENT
Title Conceptos preliminares en torno de la responsabilidad penal del socio no administrador
773 0# - HOST ITEM ENTRY
Title Temas de derecho penal y procesal penal
Related parts - Año 5, N° 4 (abr. 2023)
Record control number REV60798

No hay ítems disponibles.